Codice del tiempo / (Record no. 21896)

MARC details
000 -CABECERA
campo de control de longitud fija 01076nam a2200301 4500
003 - IDENTIFICADOR DEL NÚMERO DE CONTROL
campo de control OSt
005 - FECHA Y HORA DE LA ÚLTIMA TRANSACCIÓN
campo de control 20260601193852.0
008 - DATOS DE LONGITUD FIJA--INFORMACIÓN GENERAL
campo de control de longitud fija 260418b1982 mx ab||| |||| 00| 0 spa d
020 ## - NÚMERO INTERNACIONAL ESTÁNDAR DEL LIBRO
Número Internacional Estándar del Libro 9687153113
040 ## - FUENTE DE LA CATALOGACIÓN
Centro catalogador/agencia de origen ICI
Lengua de catalogación spa
Centro/agencia transcriptor ICI
041 ## - CÓDIGO DE LENGUA
Código de lengua del texto/banda sonora o título independiente spa
050 ## - SIGNATURA TOPOGRÁFICA DE LA BIBLIOTECA DEL CONGRESO
Número de clasificación D11 C63
Número de documento/Ítem 1982
100 #1 - ENTRADA PRINCIPAL--NOMBRE DE PERSONA
Nombre de persona Beatríce TrueBlood
9 (RLIN) 32479
240 ## - TÍTULO UNIFORME
Título uniforme odice del tiempo
Lenguaje de la obra spa
245 #1 - MENCIÓN DE TÍTULO
Título Codice del tiempo /
Mención de responsabilidad, etc. realización y diseño Beatrice Trueblood ; coordinación general Roberto Hernández Malagón
250 ## - MENCIÓN DE EDICIÓN
Mención de edición Segunda edición
260 ## - PUBLICACIÓN, DISTRIBUCIÓN, ETC.
Lugar de publicación, distribución, etc. México, D.F. :
Nombre del editor, distribuidor, etc. Secretaria de Asentamientos Humanos y Obras Públicas,
Fecha de publicación, distribución, etc. 1982
264 ## - PRODUCCIÓN, PUBLICACIÓN, DISTRIBUCIÓN, FABRICACIÓN Y COPYRIGHT
Nombre del de productor, editor, distribuidor, fabricante Sria de Asentamientos Humanos y Obras Públicas
Fecha de producción, publicación, distribución, fabricación o copyright 1982
Producción, publicación, distribución, fabricación y copyright México, D.F. :
300 ## - DESCRIPCIÓN FÍSICA
Extensión 220 páginas
Otras características físicas ilustraciones, mapas a color
336 ## - TIPO DE CONTENIDO
Término de tipo de contenido texto
Fuente rdacontent
337 ## - TIPO DE MEDIO
Nombre/término del tipo de medio sin medio
Fuente rdamedia
338 ## - TIPO DE SOPORTE
Nombre/término del tipo de soporte volumen
Fuente rdacarrier
650 ## - PUNTO DE ACCESO ADICIONAL DE MATERIA--TÉRMINO DE MATERIA
Término de materia o nombre geográfico como elemento de entrada Historia universal
9 (RLIN) 9807
650 ## - PUNTO DE ACCESO ADICIONAL DE MATERIA--TÉRMINO DE MATERIA
Término de materia o nombre geográfico como elemento de entrada Cronología histórica
9 (RLIN) 32480
700 ## - PUNTO DE ACCESO ADICIONAL--NOMBRE DE PERSONA
Nombre de persona Trueblood, Beatrice,
Término indicativo de función/relación editor
9 (RLIN) 615
700 ## - PUNTO DE ACCESO ADICIONAL--NOMBRE DE PERSONA
Numeración Hernández Malagón, Roberto
Término indicativo de función/relación editor
9 (RLIN) 32481
942 ## - ELEMENTOS DE PUNTO DE ACCESO ADICIONAL (KOHA)
Fuente del sistema de clasificación o colocación Dewey Decimal Classification
Tipo de ítem Koha Libros
Holdings
Estado de retiro Estado de pérdida Fuente del sistema de clasificación o colocación Estado dañado No para préstamo Localización permanente Ubicación/localización actual Fecha de adquisición Total de préstamos Signatura topográfica completa Código de barras Fecha visto por última vez Número de copia Precio válido a partir de Tipo de ítem Koha
El ejemplar forma parte de la colección y puede ser consultado según las políticas vigentes.   Library of Congress Classification     Biblioteca de Diseño Museo Franz Mayer Biblioteca de Diseño Museo Franz Mayer 18/04/2026   D11 C63 1982 BDIMFM000046 18/04/2026 Ej. 1 18/04/2026 Libros